000 00740nam a2200181Ia 4500
008 090630s9999 xx 000 0 und d
082 _b27424
100 _aस्वामी विज्ञानानंद.
245 _aलाल कामगार लाल मालक.
_cस्वामी विज्ञानानंद.
260 _bमनशांती - लोणावळे.
_c2001
300 _a78
600 _aस्वामी विज्ञानानंद.
630 _aलाल कामगार लाल मालक.
655 _aइतर.
700 _aस्वामी विज्ञानानंद.
730 _aलाल कामगार लाल मालक.
942 _cBOOK
999 _c279280
_d279280